| 000 | 00755cam a22002531 4500 | ||
|---|---|---|---|
| 001 | 1702647 | ||
| 005 | 20180307044644.0 | ||
| 008 | 700820s1968 nyuab b 000 0 eng | ||
| 010 | _a 68011509 | ||
| 040 |
_aDLC _cDLC _dDLC |
||
| 041 | _aeng | ||
| 043 |
_an------ _as------ |
||
| 051 |
_aE59.A7 _bA5 Copy 2 _cProvenance: Gift of Jay I. Kislak Foundation. Accompanying material laid in. |
||
| 080 | _a709.8 ANT | ||
| 082 | 0 | 0 | _a709.8 ANT |
| 100 | 1 | _a44 | |
| 101 | _aART | ||
| 245 | 1 | 0 |
_aPre-Columbian art and later Indian tribal arts. _cTexts by Ferdinand Anton and Frederick J. Dockstader. |
| 504 | _aBibliography: p. 258-261. | ||
| 906 |
_a7 _bcbc _corignew _du _encip _f19 _gy-gencatlg |
||
| 942 |
_2ddc _cBK |
||
| 999 |
_c44280 _d44280 |
||